[Event "Berlin tt 0001"]
[Site "Berlin"]
[Date "2001.05.06"]
[Round "9.7"]
[White "Luhm, Stephan"]
[Black "Piz, Maxim"]
[Result "0-1"]
[WhiteElo "1872"]
[BlackElo "2085"]
[PlyCount "83"]
[EventDate "2000.10.22"]
[EventType "team"]
[EventRounds "11"]
[EventCountry "GER"]
[SourceTitle "EXT 2007"]
[Source "ChessBase"]
[SourceDate "2006.11.23"]
[SourceVersion "1"]
[SourceVersionDate "2006.11.23"]
[SourceQuality "1"]

1. c4 b6 2. d4 Bb7 3. Nc3 f5 4. Nf3 Nf6 5. e3 g6 6. Be2 Bg7 7. b3 0-0 8. Bb2 Ne4 9. 0-0 e6 10. Nd2 Nxc3 11. Bxc3 c5 12. Rc1 cxd4 13. exd4 Nc6 14. d5 Nd4 15. Bxd4 Bxd4 16. Nf3 Bf6 17. dxe6 dxe6 18. Qxd8 Rfxd8 19. Rfd1 Be4 20. Kf1 g5 21. Nd2 Bb2 22. Nxe4 Bxc1 23. Rxc1 fxe4 24. c5 bxc5 25. Rxc5 Rac8 26. Rxg5+ Kf7 27. Bc4 Rd2 28. Ra5 Kg6 29. Ke1 e3 30. Re5 Rxf2 31. Rxe6+ Kg5 32. Rxe3 Rxg2 33. Re7 Rxh2 34. Rxa7 h5 35. a4 h4 36. Rg7+ Kf4 37. Rf7+ Ke3 38. Re7+ Kd4 39. a5 Rc5 40. a6 Ra5 41. Re2 Rh1+ 42. Kd2 0-1

[Event "Berlin tt 0001"]
[Site "Berlin"]
[Date "2001.04.08"]
[Round "8.6"]
[White "Luhm, Stephan"]
[Black "Epple, Dennis"]
[Result "1/2-1/2"]
[WhiteElo "1872"]
[BlackElo "2094"]
[PlyCount "60"]
[EventDate "2000.10.22"]
[EventType "team"]
[EventRounds "11"]
[EventCountry "GER"]
[SourceTitle "EXT 2007"]
[Source "ChessBase"]
[SourceDate "2006.11.23"]
[SourceVersion "1"]
[SourceVersionDate "2006.11.23"]
[SourceQuality "1"]

1. Nf3 d5 2. e3 Nf6 3. c4 c6 4. Nc3 a6 5. Qb3 e6 6. Be2 Be7 7. 0-0 0-0 8. Ne5 Nbd7 9. f4 Nxe5 10. fxe5 Nd7 11. d4 dxc4 12. Qxc4 c5 13. Bf3 b5 14. Qe2 Rb8 15. b3 Bb7 16. Bb2 Qb6 17. Rad1 Rbd8 18. Kh1 Qc7 19. Ne4 cxd4 20. exd4 Nb6 21. Nf6+ gxf6 22. exf6 Bxf6 23. Bxb7 Qxb7 24. Rxf6 Nd5 25. Qe4 Qe7 26. Rf3 f5 27. Qe1 Rf6 28. Bc1 Rg6 29. Bf4 Nxf4 30. Rxf4 Qb7 1/2-1/2

[Event "Berlin tt 0001"]
[Site "Berlin"]
[Date "2001.03.18"]
[Round "7.6"]
[White "Maass, Stephan"]
[Black "Luhm, Stephan"]
[Result "1-0"]
[WhiteElo "2253"]
[BlackElo "1872"]
[PlyCount "81"]
[EventDate "2000.10.22"]
[EventType "team"]
[EventRounds "11"]
[EventCountry "GER"]
[SourceTitle "EXT 2007"]
[Source "ChessBase"]
[SourceDate "2006.11.23"]
[SourceVersion "1"]
[SourceVersionDate "2006.11.23"]
[SourceQuality "1"]

1. d4 Nf6 2. Nc3 d5 3. Bg5 Nbd7 4. f3 h6 5. Bf4 c6 6. e4 e6 7. Bd3 Bb4 8. a3 Ba5 9. e5 Ng8 10. b4 Bb6 11. Nge2 Ne7 12. Bg3 Nf5 13. Bf2 a5 14. h4 h5 15. Na4 Bc7 16. f4 b6 17. Qb1 Nh6 18. Ng3 Ng4 19. f5 Ndxe5 20. dxe5 Bxe5 21. c3 Qd6 22. Ne2 Nxf2 23. Kxf2 c5 24. bxc5 bxc5 25. Qb6 c4 26. Bc2 Bd7 27. Qxd6 Bxd6 28. Rhb1 e5 29. Nb6 Bc5+ 30. Kf1 Rb8 31. Nxd7 Kxd7 32. a4 d4 33. cxd4 exd4 34. Nxd4 Bb4 35. Rd1 Kc7 36. Nb5+ Kb6 37. Nd6 Bxd6 38. Rxd6+ Kc5 39. Rd7 Rb2 40. Rc1 Rhb8 41. Bd3 1-0

[Event "Berlin tt 0001"]
[Site "Berlin"]
[Date "2001.02.25"]
[Round "6.6"]
[White "Luhm, Stephan"]
[Black "Feldmann, Guido"]
[Result "0-1"]
[WhiteElo "1872"]
[BlackElo "2006"]
[PlyCount "108"]
[EventDate "2000.10.22"]
[EventType "team"]
[EventRounds "11"]
[EventCountry "GER"]
[SourceTitle "EXT 2007"]
[Source "ChessBase"]
[SourceDate "2006.11.23"]
[SourceVersion "1"]
[SourceVersionDate "2006.11.23"]
[SourceQuality "1"]

1. c4 c5 2. Nf3 Nf6 3. Nc3 e6 4. d3 Be7 5. e4 d6 6. Be2 0-0 7. 0-0 a6 8. d4 cxd4 9. Nxd4 Qc7 10. Be3 Nbd7 11. Rc1 b6 12. f3 Bb7 13. Qe1 Rac8 14. Qf2 Qb8 15. Rfd1 Rfd8 16. Nb3 Nc5 17. Nxc5 bxc5 18. b3 Qc7 19. Na4 Bc6 20. Nc3 Qa5 21. Bf1 Nd7 22. Bd2 Qc7 23. Be3 Ne5 24. Be2 Bf6 25. f4 Ng6 26. Bf3 Qb7 27. Re1 Bxc3 28. Rxc3 Bxe4 29. Bxe4 Qxe4 30. Bxc5 Qxf4 31. Rf3 Qg5 32. Ba3 Qa5 33. Bb2 Rd7 34. Bc3 Qc7 35. Rg3 e5 36. Bd2 Rf8 37. Rf3 Qd8 38. b4 Qh4 39. Qf1 Rc7 40. Rd3 Rd8 41. b5 Rxc4 42. b6 Rd4 43. Bc3 Rc4 44. Red1 Rc6 45. Be1 Qc4 46. Bf2 d5 47. b7 d4 48. Rb3 Qxf1+ 49. Kxf1 Rb8 50. Rdb1 Kf8 51. Be1 Ke8 52. Ba5 Kd7 53. Rb6 Ne7 54. a4 Nd5 0-1

[Event "Berlin tt 0001"]
[Site "Berlin"]
[Date "2001.02.04"]
[Round "11.5"]
[White "Luhm, Stephan"]
[Black "Buttkus, Andree"]
[Result "1/2-1/2"]
[WhiteElo "1872"]
[BlackElo "2009"]
[PlyCount "121"]
[EventDate "2000.10.22"]
[EventType "team"]
[EventRounds "11"]
[EventCountry "GER"]
[SourceTitle "EXT 2007"]
[Source "ChessBase"]
[SourceDate "2006.11.23"]
[SourceVersion "1"]
[SourceVersionDate "2006.11.23"]
[SourceQuality "1"]

1. Nf3 Nf6 2. c4 c5 3. Nc3 g6 4. d4 cxd4 5. Nxd4 Nc6 6. e4 Nxd4 7. Qxd4 d6 8. Be2 Bg7 9. Qd3 0-0 10. 0-0 Be6 11. Be3 Qa5 12. Bd4 Rfc8 13. Nd5 Nxd5 14. cxd5 Bd7 15. Bxg7 Kxg7 16. Qd4+ Kg8 17. Bd3 Qc5 18. Qxc5 Rxc5 19. Rfc1 Rac8 20. Rxc5 Rxc5 21. Kf1 Kg7 22. Ke2 Kf6 23. Ke3 g5 24. f4 gxf4+ 25. Kxf4 e6 26. dxe6 fxe6 27. Rd1 Ba4 28. Rd2 Rc1 29. g4 h6 30. h4 Rg1 31. Rh2 e5+ 32. Kf3 Bd7 33. g5+ hxg5 34. hxg5+ Rxg5 35. Rh7 Rg7 36. Rxg7 Kxg7 37. Ke3 Be6 38. a3 Kf6 39. Be2 d5 40. exd5 Bxd5 41. Bd3 Ke6 42. Bc2 Kd6 43. Bd1 Kc5 44. Be2 a5 45. Bd3 b5 46. Be2 Bc4 47. Bf3 Bf1 48. Bd1 Kd5 49. Bb3+ Bc4 50. Bc2 a4 51. Be4+ Kc5 52. Bc2 Bd5 53. Bd3 e4 54. Be2 Bc4 55. Bh5 Bd3 56. Bf7 Bc2 57. Bg6 b4 58. Be8 bxa3 59. bxa3 Kc4 60. Bxa4 Bxa4 61. Kxe4 1/2-1/2